00221nam a2200097Ia 4500008004100000041000800041082001800049100001300067245003400080260000900114240625s9999 xx 000 0 und d aeng a923.20954 LAL aLALA R M aBEYOND THE LAST BLUE MOUNTAIN c2007